[Event "Amazons Pride Blitz"]
[Site "Chess.com INT"]
[Date "2021.10.23"]
[Round "3"]
[White "Cramling Bellon, Anna"]
[Black "Kagwiria, Francisca"]
[Result "0-1"]
[WhiteElo "2035"]
[BlackElo "1235"]
[PlyCount "58"]
[EventDate "2021.10.23"]
[EventType "swiss (blitz)"]
[EventRounds "9"]
[EventCountry "USA"]
[SourceTitle "CBM 204 Extra"]
[Source "ChessBase"]
[SourceDate "2021.11.30"]
[SourceVersion "1"]
[SourceVersionDate "2021.11.30"]
[SourceQuality "1"]

1. d4 Nc6 2. c4 e5 3. d5 Nce7 4. Nc3 Ng6 5. e4 Bb4 6. Nf3 Bxc3+ 7. bxc3 d6 8. Be2 Nf6 9. Qc2 b6 10. 0-0 0-0 11. Bg5 h6 12. Be3 Nh5 13. g3 Bh3 14. Rfe1 f5 15. exf5 Bxf5 16. Qd1 Bh3 17. Nd2 Nf6 18. Bd3 Ne7 19. Bf1 Qd7 20. Bxh3 Qxh3 21. Nf1 Ng4 22. Qd3 Rf7 23. Qe4 Raf8 24. Re2 Rf3 25. Rd1 a5 26. Rd3 h5 27. Bg5 Nc8 28. Be3 h4 29. gxh4 Qxh4 0-1